| 000 | 00328nam a22001097a 4500 | ||
|---|---|---|---|
| 100 |
_aQureshi, Abdul Hameed _a10EL38 |
||
| 245 | _aPower Protection Schemes For 261 MW Steam Turbine Generator at Guddu | ||
| 260 |
_aNawabshah: _bQUEST, _c2014. |
||
| 300 | _a93p. ; | ||
| 700 | _aDepartment of Electrical Engineering | ||
| 942 | _cTHESIS | ||
| 999 |
_c53155 _d53152 |
||